Administración estratégica: competitividad y globalización, conceptos y casos

Gespeichert in:
Bibliographische Detailangaben
Hauptverfasser: Hitt, Michael A (autor), Ireland, R. Duane (VerfasserIn), Hoskisson, Robert E (VerfasserIn)
Format: Buch
Sprache:Spanisch
Veröffentlicht: Ciudad de México Thomson 2008
Ausgabe:7a. ed
Schlagworte:
Tags: Tag hinzufügen
Keine Tags, Fügen Sie den ersten Tag hinzu!

MARC

LEADER 00000nam a2200000 a 4500
001 UCI8072
003 CL-VaPUC
008 080807e20080000MX |||||||||||||||||spa|d
020 |a 9789706865960 
082 0 4 |a 658.4012  |b HIT  |2 21 
100 |a Hitt, Michael A  |e autor  |9 531547 
700 0 |a Ireland, R. Duane  |e author  |9 531548 
700 0 |a Hoskisson, Robert E  |e author  |9 531549 
245 1 0 |a Administración estratégica: competitividad y globalización, conceptos y casos 
250 |a 7a. ed 
300 |a 428 p 
942 |c BK 
945 |d 20080807 00:00:00  |a rbrito 
260 |a Ciudad de México  |b Thomson  |c 2008 
650 0 |a Administración  |9 259325 
650 0 |a Planificación estratégica   |9 259735 
650 0 |a Gestión administrativa  |9 375217 
650 0 |a Gestión de control  |9 525312 
650 0 |a Competitividad   |9 308495 
583 |a last modification  |c 20080807 00:00:00  |k Rodrigo Vera 
999 |c 331147  |d 331145 
952 |0 0  |1 0  |4 0  |6 658_401200000000000_HIT_2008  |7 0  |8 A  |9 417300  |a BIBENE  |b BIBENE  |d 2019-11-22  |i 4470729  |l 1  |o 658.4012 HIT 2008  |p 4470729  |r 2025-01-15  |s 2023-11-27  |w 2019-11-22  |y BK  |k ICO